| 000 | 00909cab a2200193 4500 | ||
|---|---|---|---|
| 001 | ##L135301 | ||
| 008 | 061010n2006 000 0 eng u | ||
| 035 | _a(Sirsi) u135301 | ||
| 041 | 0 | _aeng | |
| 100 | 1 | _aGrundon, Tim | |
| 245 | 0 | 4 | _aThe greatest challenge? |
| 260 | _c2006 | ||
| 490 | 0 |
_aProject _v19(4) October 2006, 10-11(2) |
|
| 520 | _aLooks at selected results from the APM survey of project management which asked respondents to estimate the success of their project in four areas (budget, completion time, scope, business benefits) using original and change controlled targets. Overall figures show that around 90% of all projects meet their change-controlled targets, although the completion of projects on time presents the biggest challenge to project managers. Table and graph. | ||
| 590 | _aIKA171006 | ||
| 651 | 4 |
_aUnited Kingdom _y |
|
| 690 |
_aProject management _96261 |
||
| 942 | _n0 | ||
| 999 |
_c77860 _d77860 |
||